Glossary: Genetics,Breeding Biotech and Seed Technolgy (Record no. 5527)

MARC details
000 -LEADER
fixed length control field 00347nam a22001337a 4500
005 - DATE AND TIME OF LATEST TRANSACTION
control field 20170823124947.0
008 - FIXED-LENGTH DATA ELEMENTS--GENERAL INFORMATION
fixed length control field 170823b xxu||||| |||| 00| 0 eng d
041 ## - LANGUAGE CODE
Language code of text/sound track or separate title eng
100 ## - MAIN ENTRY--AUTHOR NAME
Personal name Rajendra Kuamr
245 ## - TITLE STATEMENT
Title Glossary: Genetics,Breeding Biotech and Seed Technolgy
260 ## - PUBLICATION, DISTRIBUTION, ETC. (IMPRINT)
Name of publisher Rama Publishing House
Year of publication 2017
300 ## - PHYSICAL DESCRIPTION
Number of Pages 240
942 ## - ADDED ENTRY ELEMENTS (KOHA)
Koha item type Books
Holdings
Lost status Damaged status Collection code Home library Current library Shelving location Date acquired Cost, normal purchase price Accession Number Koha item type
    Reference JRU Library JRU Library Shelf - 12 - H 23/08/2017 175.00 21844 Books